| 000 | 00845nam a22002177a 4500 | ||
|---|---|---|---|
| 999 |
_c10540 _d10540 |
||
| 003 | AR-CdUCM | ||
| 008 | 190308b ||||| |||| 00| 0 spa d | ||
| 040 |
_aMUNICIPALIDAD PROVINCIAL DEL CUSCO _cBIBLIOTECA MUNICIPAL DEL CUSCO |
||
| 082 |
_a709.74 / _bF61 / 1962 |
||
| 100 |
_aFlores Guerrero, Rául _927471 |
||
| 245 |
_aHistoria general del arte mexicano : _bépoca prehispánica / |
||
| 260 |
_aMéxico : _bHermes, _c1962. |
||
| 300 |
_a253 páginas ; _bIlustraciones, _c29 cm. |
||
| 505 | _aContenido: La civilización del dios jaguar -- La cultura de las mujeres bonitas -- La ciudad de los dioses -- El muro de los caracoles cortados -- El pueblo del sol ... | ||
| 650 |
_aArte _9561 |
||
| 650 |
_aArquitectura _93356 |
||
| 650 |
_aArte prehispánica _927472 |
||
| 650 |
_aArte mexicano _913404 |
||
| 942 |
_2ddc _cLIBROS |
||
| 945 | _aacv | ||